000 00190nam a2200097Ia 4500
100 _a#N/A
942 _cBK
245 _aQuantitative methods for business
260 _b#N/A
546 _aENGLISH
999 _c35082
_d35082